LEADER 01262nam a2200289 i 4500 001 000000156396 003 CaOOAMICUS 005 20220225175307.0 008 061204s1963 it u000 u ita u 013 $a133751 040 $aSeMil$bita 100 1 $aBruegel, Pieter ,$c.$0(OLS)http://semarc/name/41469 245 10$aPieter Bruegel /$c[ Andreas Grote ]. 246 04$aBruegel 264 1$aMilano :$bFabbri,$c1963. 300 $a[6] p., 17. p. di tav. :$bill. ;$c36 cm. 490 1 $aI maestri del colore : la pił grande collana d'arte del mondo ;$v11 500 $aFormulazione di responsabilitą ricavata dal testo. 600 14$aBruegel, Pieter .$0(OLS)http://semarc/subject/30454 700 1 $aGrote, Andreas.$0(OLS)http://semarc/name/61102 830 2$aI maestri del colore : la pił grande collana d'arte del mondo ;$v11.$0(OLS)http://semarc/title/2091 850 $aSeMil 852 $aSeMil$W1$xVenegono$y1$m5G XII 2/11$j108168$B108168$CSeMilBibl$Z2$F117777 $81 996 $6245$aPieter Bruegel$9(OLS)http://semarc/title/229228 996 $6246$aBruegel$9(OLS)http://semarc/title/229229 996 $6264$aMilano :$bFabbri$9(OLS)http://semarc/publisher/30054 LEADER 01155nam a2200241 i 4500 001 000000183801 003 CaOOAMICUS 005 20151008000000.0 008 151008s1956 it u000 u ita u 013 $a161769 040 $aSeMil$bita 100 1 $aDomenico : della Sacra Famiglia .$0(OLS)http://semarc/name/67596 245 13$aLa Scuola Apostolica dei PP. Passionisti ossia Principi e direttive per il retto ordinamento dell'alunnato /$cDomenico della Sacra Famiglia. 260 $aCosenza :$bTipografia Vincenzo Serafino,$c1956. 300 $a171 p. ;$c21 cm. 500 $aContiene : Appendici. - Fondo card. Giovanni Colombo. 650 4$aPassionisti - Regole e Costituzioni.$0(OLS)http://semarc/subject/21921 850 $aSeMil 852 $aSeMil$W1$xVenegono$y1$m3GC V 340$j134501$B134501$CSeMilBibl$Z2$F146265 $8B 941 1 $a3 961 $aLascito: Colombo Card. Giovanni 996 $6245$aLa Scuola Apostolica dei PP. Passionisti ossia Principi e direttive per il retto ordinamento dell'alunnato$9(OLS)http://semarc/title/263784 996 $6260$aCosenza :$bTipografia Vincenzo Serafino$9(OLS)http://semarc/publisher/49731